[Event "Rome Open"]
[Site "Rome ITA"]
[Date "1995.??.??"]
[Round "?"]
[White "Tan Cheng Xuan"]
[Black "Farina, Saverio"]
[Result "1-0"]
[WhiteElo "2410"]
[BlackElo "2120"]
[PlyCount "131"]
[EventDate "1995.??.??"]
[Source "www.chesslib.no"]
[SourceDate "2004.05.04"]

1. e4 e6 2. d4 d5 3. Nc3 c5 4. Nf3 Nc6 5. exd5 exd5 6. Be2 Nf6 7. O-O Be7 8. Bg5 O-O 9. dxc5 Be6 10. Qd2 Qa5 11. Rfd1 Rfd8 12. Nb5 Qxd2 13. Nxd2 Bxc5 14. Bxf6 gxf6 15. Nb3 Bb6 16. c3 Ne5 17. a4 a6 18. N5d4 Rac8 19. Kf1 Kf8 20. h3 Ke7 21. Re1 Kf8 22. a5 Ba7 23. Ra4 Rd6 24. Rb4 Rc7 25. f4 Nc4 26. Bd3 h6 27. Re2 Bd7 28. Ke1 Bc8 29. Ra4 Be6 30. Ra1 Re7 31. Kf1 Rd8 32. Rae1 Rde8 33. Nxe6+ Rxe6 34. Bxc4 dxc4 35. Nd2 Be3 36. Nxc4 Bxf4 37. Nb6 Bg3 38. Rxe6 fxe6 39. Rd1 Re7 40. b4 Ke8 41. c4 Bc7 42. Na4 Bb8 43. Nc5 f5 44. b5 axb5 45. cxb5 e5 46. b6 e4 47. Rb1 Kd8 48. a6 bxa6 49. b7 a5 50. Na6 Ba7 51. b8=Q+ Bxb8 52. Rxb8+ Kd7 53. Rb5 Kc6 54. Rxa5 Rf7 55. Nb4+ Kd6 56. Nc2 Rc7 57. Ne1 Ke6 58. Ra6+ Ke5 59. Rxh6 Kf4 60. Ra6 Rc3 61. Ra5 Rb3 62. Rc5 Rb1 63. Rc3 Kg5 64. Rg3+ Kf4 65. Rg6 Ke3 66. Ra6 1-0

[Event "Academia Cup"]
[Site "Italy"]
[Date "1996.??.??"]
[Round "2"]
[White "Arnold, Ferenc"]
[Black "Farina, Saverio"]
[Result "1/2-1/2"]
[WhiteElo "2320"]
[BlackElo "2170"]
[PlyCount "96"]
[EventDate "1996.??.??"]
[Source "www.chesslib.no"]
[SourceDate "2004.05.04"]

1. e4 e6 2. d4 d5 3. Nc3 c5 4. exd5 exd5 5. dxc5 Nf6 6. Be3 Be7 7. Bb5+ Nc6 8. Bxc6+ bxc6 9. Na4 O-O 10. h3 Ne4 11. c3 Re8 12. Ne2 Ba6 13. b4 Bf6 14. O-O Bxe2 15. Qxe2 Nxc3 16. Nxc3 Bxc3 17. Rab1 Qf6 18. Qd3 Rab8 19. a3 h6 20. Rfc1 Be5 21. a4 Qh4 22. Bd2 Bd4 23. g3 Qf6 24. Rf1 Re4 25. Rbe1 Rbe8 26. Rxe4 Rxe4 27. Kg2 Qe5 28. Bf4 Qe6 29. Bd6 Be5 30. Bxe5 Qxe5 31. Qa6 Rxb4 32. Qxc6 Qe4+ 33. f3 Rb2+ 34. Rf2 Rxf2+ 35. Kxf2 Qc2+ 36. Kf1 Qf5 37. Kg2 g6 38. g4 Qc2+ 39. Kg3 Qd1 40. Kf2 d4 41. Qe8+ Kg7 42. c6 Qc2+ 43. Kg3 Qc5 44. Qd7 Qe5+ 45. Kg2 Qe2+ 46. Kg3 Qe5+ 47. Kg2 Qe2+ 48. Kg3 Qe5+ 1/2-1/2

[Event "Djakovo Open"]
[Site "Djakovo"]
[Date "1994.??.??"]
[Round "2"]
[White "Vadla, Zeljko"]
[Black "Lesic, Gordan"]
[Result "1-0"]
[WhiteElo "2245"]
[BlackElo "2235"]
[PlyCount "49"]
[EventDate "1994.11.??"]
[Source "www.chesslib.no"]
[SourceDate "2004.05.04"]

1. e4 e6 2. d4 d5 3. Nc3 c5 4. exd5 exd5 5. dxc5 d4 6. Ne4 f5 7. Ng5 Bxc5 8. Bc4 Qe7+ 9. Kf1 Nf6 10. Bf4 h6 11. Nf7 O-O 12. Ne5+ Kh7 13. h4 Be6 14. Bxe6 Qxe6 15. Ngf3 Rd8 16. Ng5+ hxg5 17. hxg5+ Kg8 18. gxf6 gxf6 19. Qh5 Qa6+ 20. Nd3 Nd7 21. Qg6+ Kf8 22. Re1 Ne5 23. Bxe5 fxe5 24. Rh8+ Ke7 25. Rxe5+ 1-0

[Event "North Island-ch"]
[Site "?"]
[Date "1999.??.??"]
[Round "5.2"]
[White "Smith Robert W"]
[Black "Hopewell Nigel H"]
[Result "1-0"]
[WhiteElo "2357"]
[BlackElo "2122"]
[PlyCount "77"]
[EventDate "1999.??.??"]
[Source "www.chesslib.no"]
[SourceDate "2004.05.04"]

1. e4 e6 2. d4 d5 3. Nc3 c5 4. exd5 exd5 5. Nf3 Nf6 6. Bg5 Be7 7. Bb5+ Nc6 8. dxc5 O-O 9. O-O a6 10. Bxc6 bxc6 11. Qd4 Bf5 12. Ne5 Qc8 13. Rfe1 Re8 14. Nd3 h6 15. Bh4 Qc7 16. h3 a5 17. a3 Qb7 18. b4 g5 19. Bg3 Ne4 20. Nxe4 dxe4 21. Nb2 Bf8 22. c3 Bg7 23. Qe3 axb4 24. axb4 Rxa1 25. Rxa1 Ra8 26. Rc1 Qb5 27. Qd2 Ra2 28. c4 Qb7 29. Qd8+ Kh7 30. Qb6 Qd7 31. Rd1 Qc8 32. Rd8 Qa6 33. Qxa6 Rxa6 34. Nd1 Ra1 35. Kh2 Bf6 36. Rd2 Rb1 37. Ne3 Be6 38. Rd6 Rxb4 39. Rxc6 1-0

[Event "ITA-ch61 sf"]
[Site "Limone Piemonte"]
[Date "2001.06.24"]
[Round "1"]
[White "Tatai, Stefano"]
[Black "Farina, Saverio"]
[Result "1-0"]
[WhiteElo "2360"]
[BlackElo "2050"]
[PlyCount "71"]
[EventDate "2001.06.24"]
[Source "www.chesslib.no"]
[SourceDate "2004.05.04"]

1. e4 e6 2. d4 d5 3. Nc3 c5 4. exd5 exd5 5. dxc5 Nf6 6. Be3 Nc6 7. Nf3 Be7 8. Be2 Be6 9. Nd4 O-O 10. O-O Qc7 11. Ncb5 Qd7 12. c4 Rad8 13. Nxe6 fxe6 14. cxd5 Nxd5 15. Bc4 Qc8 16. Qe2 Kh8 17. Rac1 Nxe3 18. Qxe3 Rf6 19. Nc3 Rh6 20. Ne4 Nd4 21. b4 Qc7 22. Qg3 Qc6 23. Rfe1 Rf8 24. b5 Qe8 25. Qe5 Nf5 26. Bf1 Qg6 27. c6 bxc6 28. bxc6 Nh4 29. Kh1 Rh5 30. Qg3 Qe8 31. c7 Qc8 32. Nd6 Bxd6 33. Qxd6 Rxf2 34. Qd8+ Rf8 35. Qxf8+ Qxf8 36. c8=Q 1-0

[Event "21st Open, Bratto ITA"]
[Site "?"]
[Date "2001.??.??"]
[Round "3"]
[White "Friedrich, N."]
[Black "Farina, S."]
[Result "1-0"]
[WhiteElo "2275"]
[BlackElo "2125"]
[PlyCount "171"]
[EventDate "2001.??.??"]
[Source "www.chesslib.no"]
[SourceDate "2004.05.04"]

1. e4 e6 2. d4 d5 3. Nc3 c5 4. exd5 exd5 5. dxc5 Nf6 6. Bb5+ Nc6 7. Be3 Be7 8. h3 O-O 9. Nf3 a6 10. Bxc6 bxc6 11. O-O Qc7 12. b4 Ne4 13. Bd4 a5 14. a3 Qf4 15. Qc1 Qf5 16. Re1 Bd8 17. Qb2 f6 18. Qb3 Kh8 19. Nxe4 dxe4 20. Nd2 Qg6 21. Rxe4 axb4 22. axb4 Rxa1+ 23. Bxa1 Bf5 24. Re1 Bxc2 25. Qe6 Ba4 26. Qd7 h6 27. Nf3 Kh7 28. Nh4 Qf7 29. Qd3+ Kg8 30. Nf5 Re8 31. Rxe8+ Qxe8 32. Qg3 Qd7 33. Qg4 Qd1+ 34. Qxd1 Bxd1 35. f3 Kf7 36. Nd4 Ba4 37. Kf2 Bc7 38. Ne2 g6 39. Bd4 Ke6 40. Nc3 Bb3 41. b5 cxb5 42. Nxb5 Ba5 43. Ke3 Kd5 44. Bxf6 Kxc5 45. Nd4 Bc4 46. Ne2 Bc7 47. Bg7 h5 48. Nc3 Kd6 49. Kd4 Bf1 50. Be5+ Kd7 51. Bxc7 Kxc7 52. Nd5+ Kd7 53. Ne3 Ba6 54. Ke5 Ke7 55. Kf4 Kf6 56. Nd5+ Kg7 57. Kg5 Bd3 58. h4 Bb1 59. Ne3 Bd3 60. g3 Be2 61. f4 Bf3 62. Nc4 Bg4 63. Nd6 Bf3 64. f5 gxf5 65. Nxf5+ Kf7 66. Nd6+ Ke7 67. Nc4 Ke6 68. Nd2 Bc6 69. Kxh5 Kf5 70. g4+ Kf4 71. g5 Be8+ 72. Kh6 Kg4 73. Kg7 Kxh4 74. Kf6 Kh5 75. Ne4 Bc6 76. Nd6 Bd5 77. g6 Bb3 78. Nf5 Ba2 79. Nd6 Bb1 80. g7 Bh7 81. Kf7 Bg6+ 82. Kf8 Bh7 83. Kf7 Bg6+ 84. Kg8 Bb1 85. Nf7 Kg6 86. Kf8 1-0

[Event "Bayernliga 2001/02"]
[Site "?"]
[Date "2002.??.??"]
[Round "1"]
[White "Kuehn Manfred[64Mue"]
[Black "Bachus Josef"]
[Result "0-1"]
[WhiteElo "2245"]
[BlackElo "2145"]
[PlyCount "82"]
[EventDate "2002.??.??"]
[Source "www.chesslib.no"]
[SourceDate "2004.05.04"]

1. e4 e6 2. d4 d5 3. Nc3 c5 4. exd5 exd5 5. Nf3 Be6 6. g3 Nc6 7. Bg2 Qd7 8. O-O O-O-O 9. dxc5 Bxc5 10. a3 Nge7 11. b4 Bd6 12. Bb2 f6 13. Nb5 Bb8 14. Re1 Rhe8 15. Qd3 Ng6 16. Nbd4 Nge5 17. Qc3 Nc4 18. Rxe6 Rxe6 19. Bh3 Re1+ 20. Rxe1 Qxh3 21. Nxc6 bxc6 22. Nd4 Be5 23. f4 Bxd4+ 24. Qxd4 Qd7 25. Bc1 Re8 26. Rxe8+ Qxe8 27. Kf2 Qe4 28. Qxe4 dxe4 29. f5 Kd7 30. Be3 Kd6 31. Bxa7 Nxa3 32. c3 Ke5 33. g4 Nb5 34. Bb8+ Kd5 35. Ke3 Nxc3 36. h4 Na2 37. g5 Nxb4 38. g6 h6 39. Bf4 Nc2+ 40. Kd2 Nd4 41. Bxh6 Nxf5 0-1

[Event "21st Open, Bratto ITA"]
[Site "?"]
[Date "2001.??.??"]
[Round "7"]
[White "Mauro, A."]
[Black "Farina, S."]
[Result "1/2-1/2"]
[WhiteElo "2245"]
[BlackElo "2125"]
[PlyCount "37"]
[EventDate "2001.??.??"]
[Source "www.chesslib.no"]
[SourceDate "2004.05.04"]

1. e4 e6 2. d4 d5 3. Nc3 c5 4. Nf3 Nc6 5. Be3 Nf6 6. exd5 exd5 7. dxc5 Be7 8. Be2 Be6 9. O-O Ng4 10. Bf4 Bxc5 11. h3 Nf6 12. Nb5 O-O 13. c3 Ne4 14. Bd3 Qf6 15. Bh2 Rad8 16. Bc2 Qg6 17. Nh4 Qg5 18. Nf3 Qg6 19. Nh4 1/2-1/2

[Event "Moravia-chT 9798"]
[Site "?"]
[Date "1998.??.??"]
[Round "10.5"]
[White "Markovic Ivan2"]
[Black "Vesely Jaromir"]
[Result "1-0"]
[WhiteElo "2210"]
[BlackElo "2140"]
[PlyCount "73"]
[EventDate "1998.??.??"]
[Source "www.chesslib.no"]
[SourceDate "2004.05.04"]

1. e4 e6 2. d4 d5 3. Nc3 c5 4. exd5 exd5 5. dxc5 d4 6. Bb5+ Nc6 7. Qe2+ Be6 8. Ne4 Qd5 9. Nf3 Bxc5 10. O-O Nge7 11. Nfg5 Bf5 12. Bc4 Bxe4 13. Bxd5 Bxd5 14. c4 dxc3 15. bxc3 O-O 16. c4 Be6 17. Nxe6 fxe6 18. Qxe6+ Kh8 19. Be3 Bb4 20. a3 Bc3 21. Rab1 Nf5 22. Bc5 Ncd4 23. Qd5 Ne2+ 24. Kh1 Rf6 25. Qd3 Re8 26. Rxb7 Nfg3+ 27. Qxg3 Nxg3+ 28. hxg3 a5 29. Be3 h6 30. Rc1 Be5 31. f4 Ba1 32. Bg1 Bc3 33. Rxc3 Re1 34. Kh2 Rd6 35. g4 g5 36. fxg5 hxg5 37. Rf3 1-0

[Event "Italy op"]
[Site "?"]
[Date "1997.??.??"]
[Round "4"]
[White "Chiaretti Roberto"]
[Black "Farina Saverio"]
[Result "1/2-1/2"]
[WhiteElo "2150"]
[BlackElo "2170"]
[PlyCount "101"]
[EventDate "1997.??.??"]
[Source "www.chesslib.no"]
[SourceDate "2004.05.04"]

1. e4 e6 2. d4 d5 3. Nc3 c5 4. exd5 exd5 5. Nf3 Nc6 6. dxc5 Nf6 7. Be3 Be7 8. Be2 O-O 9. O-O Bf5 10. a3 a5 11. h3 Re8 12. Bb5 Bg6 13. Ne2 Qc7 14. c3 Red8 15. b4 Ne4 16. Qb3 Bh5 17. Nfd4 Bf6 18. Bxc6 bxc6 19. Nf4 Bg6 20. Nxg6 hxg6 21. Rad1 Re8 22. Rd3 Qd7 23. Rfd1 g5 24. c4 axb4 25. axb4 dxc4 26. Qxc4 Bxd4 27. Bxd4 Qf5 28. Be3 g4 29. hxg4 Qe5 30. Bd4 Qg5 31. Be3 Qh4 32. Rd7 Re7 33. Rd8+ Rxd8 34. Rxd8+ Kh7 35. Qd3 Qxg4 36. Bd4 f5 37. Qf3 Qxf3 38. gxf3 Ng5 39. Bc3 Nxf3+ 40. Kg2 Ng5 41. Rc8 Ne4 42. Bd4 Rb7 43. Rxc6 Rxb4 44. Be3 Rc4 45. Re6 Nxc5 46. Rc6 Rg4+ 47. Kf1 Nd7 48. Rc7 Nf6 49. f3 Rb4 50. Rc5 Rb3 51. Ke2 1/2-1/2

[Event "Bruchkoebel"]
[Site "?"]
[Date "2002.03.23"]
[Round "2"]
[White "Schlesinger Omri"]
[Black "Warnk Torsten"]
[Result "1-0"]
[WhiteElo "2233"]
[BlackElo "2024"]
[PlyCount "39"]
[EventDate "2002.??.??"]
[Source "www.chesslib.no"]
[SourceDate "2004.05.04"]

1. e4 e6 2. d4 d5 3. Nc3 c5 4. exd5 exd5 5. dxc5 Be6 6. Bb5+ Nc6 7. Be3 Nge7 8. Nf3 a6 9. Ba4 Nf5 10. Bd4 f6 11. O-O Kf7 12. Re1 Qc8 13. Bxc6 Qxc6 14. b4 Ne7 15. Bxf6 gxf6 16. Nd4 Qd7 17. Nxe6 h5 18. Qf3 d4 19. Rad1 Nc6 20. Nd5 1-0

[Event "Rome Open"]
[Site "Rome ITA"]
[Date "1995.??.??"]
[Round "?"]
[White "Tribuiani, Renato"]
[Black "Farina, Saverio"]
[Result "0-1"]
[WhiteElo "2110"]
[BlackElo "2120"]
[PlyCount "154"]
[EventDate "1995.??.??"]
[Source "www.chesslib.no"]
[SourceDate "2004.05.04"]

1. e4 e6 2. d4 d5 3. Nc3 c5 4. exd5 exd5 5. dxc5 Nf6 6. Nf3 Nc6 7. Be3 Be7 8. Bb5 O-O 9. Bxc6 bxc6 10. O-O Bg4 11. Qd4 Bxf3 12. gxf3 Nd7 13. Na4 Bf6 14. Qd1 Ne5 15. Kh1 Qc8 16. Rg1 Qf5 17. f4 Qe4+ 18. Rg2 Nf3 19. Nc3 Bxc3 20. bxc3 Nh4 21. Qg4 Qxg2+ 22. Qxg2 Nxg2 23. Kxg2 Rab8 24. Bd4 f6 25. Kf3 Rfe8 26. h4 Kf7 27. h5 Re4 28. a4 Rb2 29. a5 Rxc2 30. h6 g6 31. Rb1 Ra2 32. Rb7+ Re7 33. Rb8 Rxa5 34. Rh8 Ke6 35. Rd8 Rd7 36. Re8+ Re7 37. Rd8 Kf5 38. Rf8 Re6 39. Rf7 Ra1 40. Rxh7 Rh1 41. Rxa7 Rxh6 42. Rf7 Rh4 43. Be3 Rh3+ 44. Ke2 Kg4 45. Rg7 f5 46. Rg8 Rh1 47. Rg7 Ra1 48. Rh7 Ra4 49. Kd3 Rxf4 50. Bxf4 Kxf4 51. Rd7 g5 52. c4 dxc4+ 53. Kxc4 Re4+ 54. Kd3 Re6 55. Kd4 Re1 56. Rd6 Rd1+ 57. Kc4 Rc1+ 58. Kd4 g4 59. Rxc6 Rd1+ 60. Kc3 Kf3 61. Rf6 f4 62. Kc4 Rd2 63. c6 Rxf2 64. Kd3 Ra2 65. c7 Ra8 66. Rc6 Rc8 67. Kd2 Kf2 68. Rc4 f3 69. Rxg4 Rxc7 70. Rd4 Re7 71. Rd8 Re6 72. Rd7 Re8 73. Rd6 Kf1 74. Rd7 f2 75. Rf7 Rd8+ 76. Kc2 Rd5 77. Rf8 Ke2 0-1

[Event "Corr"]
[Site "?"]
[Date "2001.09.08"]
[Round "?"]
[White "Flaherty Kevin LP"]
[Black "Graff John V"]
[Result "1-0"]
[WhiteElo "2139"]
[BlackElo "1934"]
[PlyCount "43"]
[EventDate "2001.??.??"]
[Source "www.chesslib.no"]
[SourceDate "2004.05.04"]

1. e4 e6 2. d4 d5 3. Nc3 c5 4. exd5 exd5 5. dxc5 d4 6. Bb5+ Nc6 7. Qe2+ Be6 8. Ne4 Nf6 9. Bg5 Be7 10. Bxf6 Bxf6 11. Nd6+ Kf8 12. Nf3 Qa5+ 13. Qd2 Qxd2+ 14. Nxd2 a6 15. Bxc6 bxc6 16. O-O-O d3 17. N2c4 dxc2 18. Kxc2 g6 19. Rhe1 Kg7 20. b4 Rhd8 21. a3 Ra7 22. Rd2 1-0

[Event "Pfalz (Germany)"]
[Site "?"]
[Date "1999.??.??"]
[Round "4"]
[White "Weber Rolf"]
[Black "Gaab Wolfgang"]
[Result "0-1"]
[WhiteElo "2095"]
[BlackElo "1945"]
[PlyCount "76"]
[EventDate "1999.??.??"]
[Source "www.chesslib.no"]
[SourceDate "2004.05.04"]

1. e4 e6 2. d4 d5 3. Nc3 c5 4. Nf3 dxe4 5. Nxe4 cxd4 6. Qxd4 Qxd4 7. Nxd4 Bd7 8. Bb5 a6 9. Bxd7+ Nxd7 10. O-O Ngf6 11. Nc3 Bc5 12. Nf3 O-O 13. Be3 Bxe3 14. fxe3 Nb6 15. b3 Rad8 16. Rfe1 Rc8 17. Ne2 Rxc2 18. Ned4 Rc7 19. e4 Rfc8 20. e5 Nfd5 21. Ng5 h6 22. Ne4 Nd7 23. Nd6 Rd8 24. Nc4 N5b6 25. Rac1 Nxc4 26. Rxc4 Rxc4 27. bxc4 Nxe5 28. Rxe5 Rxd4 29. Rc5 Kh7 30. Rc7 Kg6 31. c5 Rc4 32. Kf2 Rc2+ 33. Kf3 Rb2 34. h4 h5 35. g4 hxg4+ 36. Kxg4 f5+ 37. Kf4 Kf6 38. c6 bxc6 0-1

[Event "Bled op-B"]
[Site "Bled SLO"]
[Date "1995.??.??"]
[Round "1"]
[White "Spilak, Tomislav"]
[Black "Vospernik, Andrej"]
[Result "1-0"]
[WhiteElo "1865"]
[BlackElo "2150"]
[PlyCount "95"]
[EventDate "1995.03.??"]
[Source "www.chesslib.no"]
[SourceDate "2004.05.04"]

1. e4 e6 2. d4 d5 3. Nc3 c5 4. exd5 exd5 5. Nf3 Nf6 6. Bg5 Be6 7. Be2 Nc6 8. O-O c4 9. Bxc4 dxc4 10. d5 Bxd5 11. Bxf6 Bxf3 12. Re1+ Be7 13. Qxf3 gxf6 14. Rad1 Qa5 15. Nd5 Rd8 16. Qf5 Rxd5 17. Qxd5 Qxd5 18. Rxd5 O-O 19. Rd7 Bc5 20. Rxb7 Rd8 21. Kf1 Bb6 22. Re4 Kf8 23. c3 Rd2 24. Re2 Rxe2 25. Kxe2 Ke8 26. a4 Nd8 27. Rb8 Kd7 28. a5 Bxa5 29. Rb5 Bb6 30. Rb4 Ke6 31. Rxc4 Kf5 32. Rh4 Nc6 33. g3 Ne5 34. f3 h6 35. Rf4+ Ke6 36. Rh4 Bc7 37. Rxh6 Nc4 38. Rh4 Nb6 39. Re4+ Kf5 40. Re7 Nd5 41. Rxf7 Bb6 42. Rg7 Nc7 43. h4 Ne6 44. Rg8 Bc7 45. f4 Ke4 46. h5 Bxf4 47. Re8 Kf5 48. Rxe6 1-0

[Event "It (Open) Schwarzburg GER"]
[Site "?"]
[Date "2005.09.07"]
[Round "1"]
[White "Sydow Hardy"]
[Black "Kaschuba Juergen"]
[Result "1-0"]
[WhiteElo "2137"]
[BlackElo "1787"]
[PlyCount "69"]
[EventDate "2005.??.??"]
[Source "www.chesslib.no"]
[SourceDate "2004.05.04"]

1. e4 e6 2. d4 d5 3. Nc3 c5 4. exd5 exd5 5. Nf3 Nf6 6. Be2 c4 7. O-O Be7 8. Ne5 Be6 9. f4 Qc8 10. Bf3 Nc6 11. Be3 h5 12. Kh1 Nxe5 13. dxe5 Ng4 14. Bd4 Bh4 15. Bg1 O-O 16. Bxd5 Rd8 17. Bxe6 Qxe6 18. Qe2 g6 19. Rad1 b6 20. Rxd8+ Rxd8 21. Rd1 Rxd1 22. Qxd1 Qf5 23. Nd5 Kg7 24. Qe2 Qc8 25. Bd4 Kh6 26. h3 Bg3 27. hxg4 hxg4 28. Nf6 Bxf4 29. Qxg4 Qxg4 30. Nxg4+ Kg5 31. Ne3 Bg3 32. Nxc4 Kf4 33. Nd6 f5 34. exf6 Kg5 35. Ne4+ 1-0

[Event "Bad Zwischenahn(17.11.-29.11)"]
[Site "?"]
[Date "2003.11.29"]
[Round "2.80"]
[White "Rosen Willy"]
[Black "Glaser Heinz-Alfred"]
[Result "1-0"]
[WhiteElo "2222"]
[BlackElo "1683"]
[PlyCount "71"]
[EventDate "2003.??.??"]
[Source "www.chesslib.no"]
[SourceDate "2004.05.04"]

1. e4 e6 2. d4 d5 3. Nc3 c5 4. exd5 cxd4 5. Qxd4 Nf6 6. Bg5 Be7 7. Bb5+ Bd7 8. O-O-O Nxd5 9. Bxe7 Qxe7 10. Qxg7 Qf6 11. Qxf6 Nxf6 12. Bxd7+ Nbxd7 13. Nf3 Rg8 14. g3 Ng4 15. Rd2 Nde5 16. Nxe5 Nxe5 17. Ne4 Ke7 18. f4 Nc4 19. Rd4 Ne3 20. Rd3 Nd5 21. Rhd1 Rac8 22. b3 Rgd8 23. Kb2 b5 24. Nc3 Nxc3 25. Rxd8 Nxd1+ 26. Rxd1 b4 27. Rd3 a5 28. c3 Rc7 29. a3 bxc3+ 30. Rxc3 Kd6 31. Rxc7 Kxc7 32. Kc3 Kc6 33. Kd4 f6 34. g4 h6 35. h4 Kd6 36. g5 1-0

[Event "Bethune-A"]
[Site "?"]
[Date "2001.??.??"]
[Round "?"]
[White "Vandervorst Jean Marc"]
[Black "Van Maele Richard"]
[Result "1/2-1/2"]
[WhiteElo "2000"]
[BlackElo "1890"]
[PlyCount "71"]
[EventDate "2001.??.??"]
[Source "www.chesslib.no"]
[SourceDate "2004.05.04"]

1. e4 e6 2. d4 d5 3. Nc3 c5 4. exd5 cxd4 5. dxe6 Bxe6 6. Nb5 Nc6 7. Nf3 Bc5 8. Bf4 Rc8 9. c3 dxc3 10. Qxd8+ Rxd8 11. Nc7+ Ke7 12. Nxe6 cxb2 13. Rb1 Bb4+ 14. Bd2 Bxd2+ 15. Nxd2 fxe6 16. Rxb2 b6 17. Be2 Nd4 18. Nf3 Nxe2 19. Rxe2 Nf6 20. O-O h6 21. Ne5 Ke8 22. Ng6 Rg8 23. Rfe1 Kf7 24. Ne5+ Ke8 25. Nc6 Rd6 26. Nxa7 Kd7 27. f3 Re8 28. Kf2 Rd5 29. Rb2 Ra5 30. Nb5 Nd5 31. Ree2 Ra4 32. Red2 Ke7 33. Nd4 Kf6 34. Ne2 Rea8 35. Ng3 Ra3 36. Ne4+ 1/2-1/2

[Event "Röthenbach/Mfr. (03.04-06.04)"]
[Site "?"]
[Date "1996.??.??"]
[Round "6"]
[White "Krausser Hans"]
[Black "Schieber Franz"]
[Result "1-0"]
[WhiteElo "1980"]
[BlackElo "1885"]
[PlyCount "101"]
[EventDate "1996.??.??"]
[Source "www.chesslib.no"]
[SourceDate "2004.05.04"]

1. e4 e6 2. d4 d5 3. Nc3 c5 4. exd5 exd5 5. dxc5 Be6 6. Be3 Qa5 7. a3 Nf6 8. b4 Qd8 9. Bb5+ Nc6 10. Nge2 Be7 11. Nd4 Rc8 12. Bxc6+ bxc6 13. O-O O-O 14. f3 Nd7 15. Bf4 Re8 16. Nce2 Bf6 17. c3 Ne5 18. Bxe5 Bxe5 19. f4 Bb8 20. Nxe6 fxe6 21. Nd4 Qf6 22. g3 g6 23. Qd3 Qg7 24. Rae1 Qd7 25. Nf3 Qg7 26. Ne5 Bxe5 27. Rxe5 Rc7 28. Rfe1 Qd7 29. h4 Kf7 30. Kg2 Rcc8 31. Qd4 Re7 32. h5 Rg8 33. Rh1 Rg7 34. hxg6+ hxg6 35. Rg5 Re8 36. Rh6 Reg8 37. Rh1 Qc8 38. Re1 Re8 39. Re3 Rh7 40. Qd3 Rh6 41. Ree5 Re7 42. a4 a6 43. Re1 e5 44. Rh1 e4 45. Qd1 Rxh1 46. Qxh1 Qg8 47. f5 Qg7 48. Rxg6 Qxc3 49. Qh7+ Ke8 50. Qg8+ Kd7 51. Rd6+ 1-0

[Event "Jonkoping Open"]
[Site "Jonkoping"]
[Date "1988.??.??"]
[Round "7"]
[White "Johansson, Lars-Erik"]
[Black "Mladenovic, Zoran"]
[Result "1-0"]
[WhiteElo "2200"]
[BlackElo "1658"]
[PlyCount "51"]
[EventDate "1988.??.??"]
[Source "www.chesslib.no"]
[SourceDate "2004.05.04"]

1. e4 e6 2. d4 d5 3. Nc3 c5 4. exd5 exd5 5. dxc5 Be6 6. Be3 Qa5 7. a3 Nf6 8. b4 Qd8 9. Nf3 Be7 10. Bb5+ Nc6 11. Nd4 Bd7 12. Bxc6 bxc6 13. O-O a5 14. Na4 axb4 15. axb4 O-O 16. Nb6 Rxa1 17. Qxa1 Qc7 18. f3 Re8 19. Bf2 Bd8 20. Qa4 Qb7 21. Nxd7 Nxd7 22. Qxc6 Qxc6 23. Nxc6 Bf6 24. Bd4 Bxd4+ 25. Nxd4 Rb8 26. c3 1-0

[Event "Celle Ligure Open"]
[Site "Celle Ligure"]
[Date "1995.??.??"]
[Round "?"]
[White "Sciacca, Massimo"]
[Black "Farina, Saverio"]
[Result "0-1"]
[WhiteElo "1905"]
[BlackElo "1940"]
[PlyCount "124"]
[EventDate "1995.??.??"]
[Source "www.chesslib.no"]
[SourceDate "2004.05.04"]

1. e4 e6 2. d4 d5 3. Nc3 c5 4. dxc5 d4 5. Nce2 e5 6. Nf3 Nc6 7. Ng3 Bxc5 8. Bc4 Bb4+ 9. Bd2 Bxd2+ 10. Qxd2 Nf6 11. O-O O-O 12. h3 Qe7 13. Rfe1 Qb4 14. Qxb4 Nxb4 15. Rac1 Nc6 16. c3 dxc3 17. Rxc3 Bd7 18. Rd3 Rae8 19. a3 g6 20. Red1 Re7 21. b4 a6 22. Rd6 Kg7 23. Kf1 Rc8 24. Bb3 Rc7 25. Rc1 h6 26. Rc5 Ne8 27. Rd2 Nf6 28. Bd5 b6 29. Rc1 Nxd5 30. exd5 Nd4 31. Rcd1 Bb5+ 32. Kg1 Nxf3+ 33. gxf3 Red7 34. Re1 f6 35. Ne4 f5 36. Ng3 Kf6 37. f4 e4 38. Nf1 Rc3 39. Ne3 Rd6 40. Ra1 g5 41. a4 Bd3 42. a5 b5 43. Nd1 Rc4 44. Nb2 Rd4 45. fxg5+ hxg5 46. Rc1 R6xd5 47. Rc6+ Rd6 48. Rxd6+ Rxd6 49. Nd1 Ke5 50. Ne3 f4 51. Ng4+ Kd4 52. Rd1 Rc6 53. Kh2 Rc4 54. Nf6 Rxb4 55. Nh7 Rb1 56. Rd2 Kc3 57. Ra2 Kb3 58. Rd2 Rb2 59. Rd1 Rxf2+ 60. Kg1 Rb2 61. Nxg5 Rb1 62. Rxb1+ Bxb1 0-1

[Event "V Memorial Zichichi"]
[Site "Ladispoli ITA"]
[Date "2008.05.??"]
[Round "1"]
[White "Marta, Daniele"]
[Black "Urzi', Silvio"]
[Result "1/2-1/2"]
[WhiteElo "2028"]
[BlackElo "1788"]
[PlyCount "67"]
[EventDate "2008.05.01"]
[Source "www.chesslib.no"]
[SourceDate "2004.05.04"]

1. e4 e6 2. d4 d5 3. Nc3 c5 4. exd5 exd5 5. dxc5 Nf6 6. Be3 Nc6 7. Bb5 Be7 8. Nge2 O-O 9. O-O Be6 10. Bxc6 bxc6 11. b4 a5 12. a3 Ng4 13. Bd4 Qb8 14. g3 axb4 15. axb4 Qxb4 16. Rb1 Qa5 17. Nf4 Nf6 18. Re1 Bxc5 19. Bxf6 gxf6 20. Nxe6 fxe6 21. Rb7 Rf7 22. Qg4+ Kf8 23. Rxf7+ Kxf7 24. Qxe6+ Kg7 25. Nd1 Qd2 26. Qg4+ Kf8 27. Re6 Qd4 28. Qxd4 Bxd4 29. Ne3 Rc8 30. Ng4 Kf7 31. Re2 h5 32. Ne3 Re8 33. Kg2 Bxe3 34. fxe3 1/2-1/2

[Event "Premier"]
[Site "Hastings ENG"]
[Date "2007.12.30"]
[Round "3"]
[White "Foord, D."]
[Black "Conde Chijeb, M."]
[Result "1-0"]
[WhiteElo "2004"]
[BlackElo "1791"]
[PlyCount "69"]
[EventDate "2007.12.28"]
[Source "www.chesslib.no"]
[SourceDate "2004.05.04"]

1. e4 e6 2. d4 d5 3. Nc3 c5 4. exd5 exd5 5. Nf3 cxd4 6. Nxd4 Nc6 7. Bb5 Nge7 8. O-O a6 9. Ba4 b5 10. Bb3 Nxd4 11. Qxd4 Be6 12. Re1 Qd7 13. Bf4 Nf5 14. Qxd5 Qxd5 15. Nxd5 Ra7 16. Nc7+ Rxc7 17. Bxc7 Nd4 18. Bxe6 Nxe6 19. Rad1 Be7 20. Bd6 Kd7 21. Bxe7+ Kxe7 22. c3 Rc8 23. g3 Kf6 24. Rd6 a5 25. Rd5 Rb8 26. Kg2 g5 27. Ree5 b4 28. c4 a4 29. Re3 Ra8 30. Rb5 Nd4 31. Rxb4 Nc2 32. Rb6+ Kg7 33. Rc3 Nd4 34. c5 h5 35. c6 1-0

[Event "Santpedor Open 5th"]
[Site "?"]
[Date "2001.??.??"]
[Round "3"]
[White "Pujols Tua Joan"]
[Black "Carrasco Fabregas Xavier"]
[Result "1-0"]
[WhiteElo "1925"]
[BlackElo "1845"]
[PlyCount "49"]
[EventDate "2001.??.??"]
[Source "www.chesslib.no"]
[SourceDate "2004.05.04"]

1. e4 e6 2. d4 d5 3. Nc3 c5 4. exd5 exd5 5. Bb5+ Nc6 6. Qe2+ Be6 7. Nf3 a6 8. Bxc6+ bxc6 9. Ng5 Qd7 10. Na4 Qe7 11. Nxc5 Bf5 12. Be3 h6 13. Nf3 a5 14. Ne5 Qf6 15. Ned3 Bxd3 16. Nxd3 Ne7 17. O-O g6 18. Bf4 Rg8 19. c3 g5 20. Bg3 Kd8 21. Rae1 g4 22. f3 gxf3 23. Rxf3 Qg6 24. Ne5 Qe6 25. Nxf7+ 1-0

[Event "Duisburg"]
[Site "?"]
[Date "2005.05.13"]
[Round "1.35"]
[White "Toel Karl Ludwig"]
[Black "Reufer Berthold"]
[Result "1-0"]
[WhiteElo "2104"]
[BlackElo "1651"]
[PlyCount "66"]
[EventDate "2005.??.??"]
[Source "www.chesslib.no"]
[SourceDate "2004.05.04"]

1. e4 e6 2. d4 d5 3. Nc3 c5 4. Nf3 dxe4 5. Nxe4 cxd4 6. Qxd4 Qxd4 7. Nxd4 Bd7 8. Bf4 Nc6 9. Nb5 Kd8 10. O-O-O e5 11. Be3 Rb8 12. Bc4 Ke7 13. Bc5+ Ke8 14. Bxf8 Na5 15. Be2 Bxb5 16. Bxb5+ Kxf8 17. Rd5 f6 18. Rhd1 Ne7 19. Rd8+ Kf7 20. Nd6+ Kg6 21. Be8+ Rxe8 22. Nxe8 Rxd8 23. Rxd8 Nac6 24. Rd7 b6 25. b4 Kf7 26. b5 Nd4 27. Nc7 h5 28. c4 g5 29. Nd5 Ndf5 30. Nxe7 Nxe7 31. Rxa7 Ke6 32. Ra6 Kf5 33. Rxb6 g4 1-0